000 00834nam a2200265 4500
001 113607
003 ES-MaBCM
005 20241016140739.0
008 051028s1951 esp spa d
021 _axx
035 _a(OCoLC)1365269623
035 _a(OCoLC)1365245978
040 _cES-MaBCM
041 0 _aspa
100 1 _aGutiérrez García, C.
_920924
245 1 0 _aEspañoles en Trento
_cC. Gutiérrez ; prólogo de Joaquín Pérez Villanueva
260 _aValladolid :
_bInstituto Jerónimo Zurita, Sección de Historia Moderna "Simancas",
_c1951
300 _aLXXX, 1061 p.
_c25 cm
440 0 _aCorpus Tridentinum Hispanicum
_9106211
_v1
650 2 7 _aClero
_957937
651 2 4 _aEspaña
_9115342
710 2 _aInstituto Jerónimo Zurita
_952296
942 _cBK
999 _c113607
_d113607
504 _aContiene información bibliográfica